000 00515nam a2200169Ia 4500
999 _c21048
_d21048
003 OSt
005 20200610105449.0
008 190216s9999||||xx |||||||||||||| ||und||
020 _a9788175963207
040 _coclc
082 _a297.5
_bCOO/C
100 _aCook, Michael
_92728
245 0 _aCommanding Right And Forbidding Wrong In Islamic Thought /
_cMichael Cook
260 _bCambridge Uty Press,
_aNew Delhi:
_c2006.
300 _a702p
942 _cBK
_2ddc
_h297.5
_iCOO/C
_k297.5
_mCOO/C